|
|
|
|
| LEADER |
00798nam#a2200265#a#4500 |
| 001 |
011854 |
| 005 |
20160721150857.0 |
| 008 |
960603s1980####sp##################spa#d |
| 020 |
|
|
|a 8431102578
|
| 040 |
|
|
|a AR-beUNQ
|
| 099 |
|
|
|a 17-L13
|
| 100 |
1 |
|
|a Luria, AR
|
| 245 |
0 |
0 |
|a Fundamentos de neurolingüística
|c A.R Luria.
|
| 260 |
|
|
|a Barcelona :
|b Toray-Masson,
|c 1980
|
| 300 |
|
|
|a xix,327 p. :
|b gráficos
|
| 650 |
|
7 |
|a NEUROLOGIA
|2 Spines
|
| 650 |
|
7 |
|a LINGUISTICA
|2 Spines
|
| 650 |
|
7 |
|a PSICOLOGIA
|2 Spines
|
| 650 |
|
7 |
|a TRASTORNOS DE LENGUAJE
|2 Spines
|
| 650 |
|
7 |
|a TRASTORNOS PSICOMOTORES
|2 Spines
|
| 653 |
|
|
|a AFASIA
|
| 929 |
|
|
|a COMPRA
|b CTM
|c Exp. 827-0532/95
|d 114,40
|e 19951010
|j 15663
|
| 929 |
|
|
|a COMPRA
|b CTM
|c Exp. 827-0532/95
|d 114,40
|e 19951010
|j 15664
|
| 942 |
|
|
|c LIB
|n 0
|
| 999 |
|
|
|c 14269
|d 89656
|